000 00342nam a22001337a 4500
082 _a894.812.3
_bVAS/V
100 _aVASUDEVAN NAIR
245 _aVILAPAYATHRA (MALAYALAM)
246 _aVILAPAYATHRA (MALAYALAM)
_bVILAPAYATHRA (MALAYALAM)
260 _aTHRISSUR
_bCURRENT BOOKS
_c2022
300 _a96
650 _aMALAYALAM NOVEL
942 _cBK
999 _c9021
_d9021